| 000 | 00334nam a2200121Ia 4500 | ||
|---|---|---|---|
| 008 | 150202s9999 xx 000 0 und d | ||
| 050 |
_aFIC _bFIC |
||
| 100 | _aLandorf, Joyce. | ||
| 245 | 4 |
_aThe fragrance of beauty / _cJoyce Landorf. |
|
| 260 |
_aUSA : _bVictor Books, _c1973. |
||
| 300 |
_a143 pages : _c18 cm. |
||
| 650 | _aFiction. | ||
| 999 |
_c282183 _d282183 |
||